| 000 | 00498nam a2200217Ia 4500 | ||
|---|---|---|---|
| 003 | 0100 | ||
| 008 | 130227s9999 xx 000 0 und d | ||
| 020 | _a0745314317 | ||
| 040 | _cARRUPELIB | ||
| 050 | _aPR9381.9.N45Z82 1999 | ||
| 100 | _aOgude, James | ||
| 245 | _aNgugi's novels and African history | ||
| 245 | _bNarrating the nation | ||
| 260 | _aLondon | ||
| 260 | _bPluto Press | ||
| 260 | _C1999 | ||
| 300 | _aviii | ||
| 300 | _b 183p 21cm | ||
| 650 | _bGeisha | ||
| 942 |
_2lcc _06 |
||
| 999 |
_c5073 _d5073 |
||